People in History by Wikipedia Descriptions #5 - Statistics

General Stats
  • This quiz has been taken 361 times
  • The average score is 9 of 15
Answer Stats
Hint Answer % Correct
Regarded as one of the most significant cultural icons of the 20th century, he is often referred to as the "King of Rock and Roll" or simply "The King". Elvis Presley
96%
American politician who served as the 42nd president of the United States from 1993 to 2001. Bill Clinton
92%
The founder and namesake of the Chanel brand. Coco Chanel
89%
Known as "the Master of Suspense", he directed over 50 feature films in a career spanning six decades. Alfred Hitchcock
81%
A philosopher, mendicant, meditator, spiritual teacher, and religious leader who lived in ancient India. Buddha
77%
Some of his best known works include the silkscreen paintings Campbell's Soup Cans (1962) and Marilyn Diptych (1962). Andy Warhol
74%
Democratic nominee for the 2000 presidential election but lost the election in a very close race after a Florida recount. Al Gore
69%
American former professional road racing cyclist, known for winning the Tour de France seven times. Lance Armstrong
68%
American film actress who, after starring in several significant films in the early- to mid-1950s, became Princess of Monaco. Grace Kelly
63%
American former professional basketball player and the principal owner of the Charlotte Hornets of the National Basketball Association (NBA). Michael Jordan
63%
United States Secretary of State and National Security Advisor under the presidential administrations of Richard Nixon and Gerald Ford. Henry Kissinger
51%
Only months into his reign, he caused a constitutional crisis by proposing to Wallis Simpson, an American who had divorced her first husband and was seeking a divorce from her second. Edward VIII
44%
Received five nominations for Academy Award for Best Actor and won once – for his performance as Atticus Finch in the 1962 drama film To Kill a Mockingbird. Gregory Peck
38%
He appeared in various musicals such as On the Town (1949), Guys and Dolls (1955), High Society (1956), and Pal Joey (1957). Frank Sinatra
23%
Roman politician and general who played a critical role in the transformation of the Roman Republic from an oligarchy into the autocratic Roman Empire. Mark Anthony
8%
No matching quizzes found
Score Distribution
Percent of People with Each Score
Percentile by Number Answered
Your Score History
You have not taken this quiz